Introduction to Psychology, (Record no. 6053)

MARC details
005 - DATE AND TIME OF LATEST TRANSACTION
control field 20250628142406.0
082 ## - DEWEY DECIMAL CLASSIFICATION NUMBER
Classification number 150 HIL
100 ## - MAIN ENTRY--PERSONAL NAME
Author name HILGARD E.R.
245 ## - TITLE STATEMENT
Title Introduction to Psychology,
250 ## - EDITION STATEMENT
Edition statement 4th Ed.
260 ## - PUBLICATION, DISTRIBUTION, ETC.
Place of publication, distribution, etc. New York,
Name of publisher, distributor, etc. Harcourt, Brace & World, ING,
Date of publication, distribution, etc. 1967.
300 ## - PHYSICAL DESCRIPTION
Extent xv; 685p: ill; Figure Picture, Table,
Other physical details Glossary, Reference & Index,
Dimensions 24cm.
700 ## - ADDED ENTRY--PERSONAL NAME
Other authors/Editors ATKINSON, R.C.
942 ## - ADDED ENTRY ELEMENTS (KOHA)
Source of classification or shelving scheme Dewey Decimal Classification
Koha item type Books
Holdings
Date last seen Total checkouts Full call number Barcode Cost, replacement price Price effective from Koha item type Lost status Source of classification or shelving scheme Damaged status Not for loan Withdrawn status Home library Current library Shelving location Date acquired Cost, normal purchase price
06/28/2025   150 HIL DOM0002495 60000.00 06/28/2025 Books   Dewey Decimal Classification       CBE Dodoma CBE Dodoma General Collection 06/28/1985 20000.00